Проектирование и составление карт. Общая часть. Теория и процессы лабораторного изготовления карт: учебник

Dades bibliogràfiques
Autor principal: Салищев К. А. Константин Алексеевич
Idioma:rus
Publicat: Москва, Изд-во МГУ, 1987
Edició:2-е изд., перераб. и доп.
Matèries:
Format: MixedMaterials Llibre
KOHA link:https://koha.lib.tpu.ru/cgi-bin/koha/opac-detail.pl?biblionumber=180566

MARC

LEADER 00000nam0a2200000 4500
001 180566
005 20231031170824.0
035 |a (RuTPU)RU\TPU\book\195742 
090 |a 180566 
100 |a 20100520d1987 m y0rusy50 ca 
101 0 |a rus 
102 |a RU 
105 |a a j 001zy 
200 1 |a Проектирование и составление карт. Общая часть. Теория и процессы лабораторного изготовления карт  |e учебник  |f К. А. Салищев 
205 |a 2-е изд., перераб. и доп. 
210 |a Москва  |c Изд-во МГУ  |d 1987 
215 |a 240 с.  |c ил. 
320 |a Библиогр.: с. 232. 
320 |a Предметный указатель: с. 233-238. 
610 1 |a картография 
610 1 |a карты 
610 1 |a проектирование 
610 1 |a составление 
610 1 |a теория 
610 1 |a изготовление 
610 1 |a разработка 
610 1 |a источники 
610 1 |a подготовка 
610 1 |a редактирование 
610 1 |a учебники 
675 |a 528.93(075.8)  |v 3 
700 1 |a Салищев  |b К. А.  |g Константин Алексеевич 
801 1 |a RU  |b 63413507  |c 20100520 
801 2 |a RU  |b 63413507  |c 20190131  |g RCR 
942 |c BK